01132nam a2200193Ia 4500001001000000003001000010008004100020040002500061041001300086100001200099245006100111250001100172260007000183300001300253500026000266501011400526520026000640650003800900L603-2320IT-CnALBA170116s9999||||xx |||||||||||||| ||und|| aIT-CnALBAcIT-CnALBA aITALIANO aAA. VV. 0aENCICLOPEDIA MEDICA ITALIANA. VOL. II. PARTE II. CO-CU.  a1a ed. aMILANObVALLARDI FRANCESCO & ANTONIO EDIT. c1878 [1° Ed.: n.d.] a2292 p.  aBIBLIOTECA CAN. CHIESA. REDATTA CON LA COLLABORAZIONE DI VALENTI MEDICI E CHIRURGHI. ILLUSTRAZIONI NEL TESTO. ARGOMENTI TRATTATI DA CO A CU. AUTORI: ALBINI, BONFIGLI, DE PIETRA SANTA, LANZILLOTTI BUONSANTI, MAYER, PANCERI, SCHIVARDI, TOMMASI. INDICE DEGLI aSocietà San Paolo EM - Piazza San Paolo, 14 - 12051 ALBA (CN) (non commercial uses only) ® Copyright 2017 aBIBLIOTECA CAN. CHIESA. REDATTA CON LA COLLABORAZIONE DI VALENTI MEDICI E CHIRURGHI. ILLUSTRAZIONI NEL TESTO. ARGOMENTI TRATTATI DA CO A CU. AUTORI: ALBINI, BONFIGLI, DE PIETRA SANTA, LANZILLOTTI BUONSANTI, MAYER, PANCERI, SCHIVARDI, TOMMASI. INDICE DEGLI aDIZIONARI DELLE SCIENZE APPLICATE